| 000 | 00413nam a22001697a 4500 | ||
|---|---|---|---|
| 003 | NUST - PNEC | ||
| 005 | 20170116181034.0 | ||
| 008 | 150919b xxu||||| |||| 00| 0 eng d | ||
| 020 | _a- | ||
| 040 | _cLIBRARY | ||
| 082 | _a621.38195 THR | ||
| 100 |
_911303 _aThro, Ellen |
||
| 245 |
_aThe database dictionary _cEllen Thro |
||
| 260 | _cc.1990 | ||
| 650 |
_911304 _aDatabase dictionary _xMIS |
||
| 942 |
_2ddc _cBK |
||
| 999 |
_c67869 _d67869 |
||